=LDR 00000nam 2200000 4500 =001 INLIS000000000032211 =005 20130612134229 =008 ***********************************ind** =035 ##$$0010-061300000032211 =041 ##$$a ind =082 ##$$a 503 =090 ##$$a R.503, Ens e =245 ##$$a ENSIKLOPEDIA Iptek, Ensikolpedia Sains untuk Pelajar dan Umum,Bumi - Ruang dan Waktu =260 ##$$a [S.a] $b Jakarta =300 ##$$a viii,100 hlm., Ilus., 29 cm =650 ##$$a Sains - Ensiklopedi =850 ##$$a NBPNMAT